Topology of low-dimensional manifolds : proceedings of the second Sussex conference, 1977

Αποθηκεύτηκε σε:
Λεπτομέρειες βιβλιογραφικής εγγραφής
Άλλοι συγγραφείς: Fenn, Roger 1942- (Επιμελητής έκδοσης)
Μορφή: Βιβλίο
Γλώσσα:English
Δημοσίευση: Berlin ; New York : Springer-Verlag, 1979.
Σειρά:Lecture notes in mathematics (Springer-Verlag) ; 722
Θέματα:
Ετικέτες: Προσθήκη ετικέτας
Δεν υπάρχουν, Καταχωρήστε ετικέτα πρώτοι!

MARC

LEADER 00000cam a2200000 i 4500
001 1/100646
008 090204s1979 eng d
020 |a 978-3540-09506-4 
035 |l 10102936 
040 |a GR-MY-UA  |b gre  |e aacr 
041 0 |a eng 
082 0 |a 514.224  |2 (22) 
245 1 0 |a Topology of low-dimensional manifolds :  |b proceedings of the second Sussex conference, 1977 /  |c edited by Roger Fenn.  
260 |a Berlin ; New York :   |b Springer-Verlag,   |c 1979.  
300 |a 154 σ. :   |b εικ. ;   |c 25 εκ.  
490 1 |a (Lecture notes in mathematics  |v ; 722)  
504 |a Περιέχει βιβλιογραφία (σ. 154) και ευρετήριο.  
650 0 0 |a Knot theory. 
650 0 0 |a Link theory. 
650 0 0 |a Manifolds (Mathematics) 
700 1 |a Fenn, Roger  |d 1942-  |e edt 
830 0 |a Lecture notes in mathematics (Springer-Verlag)  |v ; 722 
852 |a INST  |b SAMOS  |e 20090204  |h 514.224 TOP  |p 005300029448  |q 005300029448  |t BK  |y 0 
901 |a BIBL3-2009-1 
909 |a Σ  |b 155521 
922 |a 3ΕΛΗ  |b 200808  |c ΕΠΕΑΕΚ2/ΤΜΗΜΑ ΜΑΘΗΜΑΤΙΚΩΝ-ΠΡΟΠΤΥΧΙΑΚΟ  |d ΜΙΧΑΛΟΠΟΥΛΟΣ 
970 |a ΣΙΤΖΙΜΗ  |b ΓΙΑΣΕΜΗ  |z 2009/02/04